Statistiques concernant Meilleurs Passeurs de la Liga par Saison depuis 1999/2000

Cliquez ici pour prendre le quiz!

Statistiques générales

  • Ce quiz a été pris 95 fois
  • Le résultat moyen est 15 sur 24

Statistiques - réponses

SaisonClubMeilleur ButeurNombre de Buts% Correct
2019-2020FC BarceloneLionel Messi21
100%
2015-2016FC BarceloneLionel Messi16
100%
2014-2015FC BarceloneLionel Messi18
100%
2010-2011FC BarceloneLionel Messi18
100%
2022-2023Atlético MadridAntoine Griezmann16
93%
2012-2013FC BarceloneAndrés Iniesta16
92%
2008-2009FC BarceloneXavi20
91%
2009-2010FC BarceloneXavi14
91%
2016-2017FC BarceloneLuis Suarez13
80%
2011-2012Real Madrid CFMesut Ozil17
66%
2021-2022FC BarceloneOusmane Dembélé13
66%
2020-2021Celta de VigoIago Aspas13
65%
2005-2006FC BarceloneRonaldinho18
65%
2004-2005FC BarceloneRonaldinho15
65%
2003-2004Real Madrid CFZinédine Zidane12
62%
2000-2001Real Madrid CFLuis Figo17
61%
2002-2003Real Madrid CFLuis Figo14
61%
2013-2014Real Madrid CFAngel Di Maria17
56%
2006-2007FC BarceloneDeco12
34%
2001-2002FC BarcelonePatrick Kluivert11
10%
2018-2019Séville FCPablo Sarabia13
6%
1999-2000FC ValenceClaudio Lopez9
2%
2017-2018Villarreal CFPablo Fornals12
2%
2007-2008RCD MallorcaAriel Ibagaza15
0%

Distribution des résultats

Percentile par nombre de réponses

% des personnes avec chaque résultat

Votre développement - résultats

Vous n’avez pas pris ce quiz